| 000 | 00518agd a2200205 4500 | ||
|---|---|---|---|
| 005 | 20170613174054.0 | ||
| 008 | 150610b xxu||||| |||| 00| 0 spa d | ||
| 041 | _aEspañol | ||
| 082 | _a263 DVD | ||
| 245 | _aUnderwater World. Sueños Marinos. | ||
| 260 | _aMéxico | ||
| 260 | _bProducciones Fonográficas Jasper | ||
| 260 | _c2008 | ||
| 300 | _a60 minutos | ||
| 650 |
_aMUNDO MARINO _943119 |
||
| 650 |
_aANIMALES MARINOS _914782 |
||
| 650 |
_aPLANTAS _9892 |
||
| 650 |
_aOCÉANOS _917225 |
||
| 942 | _cDVD | ||
| 999 |
_c9555 _d9555 |
||